000 00379nam a2200145Ia 4500
005 20251222143216.0
008 251222s9999||||xx |||||||||||||| ||spa||
020 _a9972755541
082 _a325.251.098.5/R76
100 _aRodriguez Pastor, Humberto
245 0 _aHerederos del Dragón:
250 _a1ra.ed.
264 _bFondo Editorial del Congreso del Perú
942 _cLIB
999 _c13617
_d13617